[Event "GMI ECAM Lyon"]
[Site "?"]
[Date "2023.04.14"]
[Round "7.1"]
[White "Barbot, Pierre"]
[Black "Cheng, Bobby"]
[Result "1/2-1/2"]
[WhiteElo "2442"]
[BlackElo "2547"]
[PlyCount "229"]
[EventDate "2023.04.11"]
[SourceDate "2023.04.11"]

1. d4 Nf6 2. c4 e6 3. Nf3 a6 4. Nc3 d5 5. cxd5 exd5 6. Bg5 Be6 7. e3 Nbd7 8.
Bd3 Bd6 9. O-O c6 10. e4 dxe4 11. Nxe4 Be7 12. Ng3 O-O 13. Nf5 Bxf5 14. Bxf5
Nd5 15. Bd2 Bd6 16. Re1 Qc7 17. Ne5 N7f6 18. g3 Bb4 19. Bc2 Rad8 20. Bb3 Qb6
21. Bxb4 Qxb4 22. Qd3 a5 23. a3 Qb6 24. Rad1 g6 25. Qc2 Kg7 26. Nd3 Qc7 27. Re5
Ne7 28. Nf4 Rd7 29. Rde1 Qd6 30. Qc3 a4 31. Bxa4 Ned5 32. Nxd5 Nxd5 33. Qc5 Nf6
34. Bb3 Qxd4 35. Qxd4 Rxd4 36. Re7 b5 37. Rb7 Rd3 38. Re3 Rxe3 39. fxe3 Ng4 40.
Rc7 Ne5 41. Kf1 h5 42. h3 Rd8 43. Ke2 Rd6 44. Ba2 Kf6 45. b3 Nd3 46. Bb1 Nc1+
47. Ke1 Nxb3 48. Ba2 Rd3 49. Rxc6+ Kg7 50. h4 Na5 51. Rc7 Rxe3+ 52. Kf2 Rxa3
53. Rxf7+ Kh6 54. Bd5 Rd3 55. Be4 Rd6 56. Rf8 Nc4 57. Rb8 Rb6 58. Rxb6 Nxb6 59.
Ke3 Kg7 60. Bf3 Kf6 61. Be2 Nc4+ 62. Kf4 Nd6 63. g4 hxg4 64. Kxg4 b4 65. Bd1
Nf5 66. Bb3 Nd4 67. Ba2 Ne6 68. Kf3 Ke5 69. Kg4 Nd4 70. Kg5 Nf3+ 71. Kg4 Ke4
72. Bb3 Ne5+ 73. Kg5 Nf3+ 74. Kg4 Ne5+ 75. Kg5 Kd4 76. Ba2 Kc3 77. Kf4 Kd4 78.
Kg5 Ke3 79. Bb3 Kf3 80. Ba4 Kg3 81. Bb3 Nf3+ 82. Kxg6 Nxh4+ 83. Kf6 Kf4 84. Ba2
Ke4 85. Kg5 Nf3+ 86. Kg4 Nd4 87. Kg3 Ke3 88. Kg2 Ke2 89. Kg3 Ke3 90. Kg2 Kd2
91. Kf2 Kc3 92. Bf7 Kd2 93. Bg8 Nc6 94. Bb3 Na5 95. Ba4 Nb7 96. Bb3 Nc5 97. Bd5
Na4 98. Bb3 Nc3 99. Kf1 Ne4 100. Bd5 Nd6 101. Ba2 Ne4 102. Bd5 Nc5 103. Kf2 Na4
104. Bb3 Nb2 105. Ba2 Nd3+ 106. Kf1 Kc3 107. Bf7 Ne5 108. Ba2 Nf3 109. Ke2 Nd2
110. Kd1 Nb3 111. Bb1 Kb2 112. Bg6 Na5 113. Bf7 Kc3 114. Kc1 Nc4 115. Bxc4
1/2-1/2

[Event "GMI ECAM Lyon"]
[Site "?"]
[Date "2023.04.14"]
[Round "7.2"]
[White "Pourramezanali, Amirreza"]
[Black "Velten, Paul"]
[Result "1/2-1/2"]
[WhiteElo "2501"]
[BlackElo "2488"]
[PlyCount "47"]
[EventDate "2023.04.11"]
[SourceDate "2023.04.11"]
[TimeControl "1/40:0"]

1. e4 e6 2. d4 d5 3. Nd2 c5 4. exd5 exd5 5. Ngf3 Nf6 6. Bb5+ Bd7 7. Bxd7+ Nbxd7
8. O-O Be7 9. dxc5 Nxc5 10. Nd4 g6 11. Re1 O-O 12. N2b3 Re8 13. Qf3 Nce4 14.
Bf4 Qd7 15. h3 Bf8 16. c3 b5 17. Qd3 b4 18. cxb4 Bxb4 19. Rec1 Bd6 20. Bxd6
Qxd6 21. Rc6 Qe5 22. Qe3 Nd7 23. f3 Ng3 24. Qxe5 1/2-1/2

[Event "GMI ECAM Lyon"]
[Site "?"]
[Date "2023.04.15"]
[Round "7.5"]
[White "Bournel, Antoine"]
[Black "Lux, Hugo de Melo"]
[Result "1/2-1/2"]
[WhiteElo "2362"]
[BlackElo "2322"]
[PlyCount "72"]
[EventDate "2023.04.11"]
[SourceDate "2023.04.11"]

1. d4 d5 2. c4 c6 3. Nf3 Nf6 4. Qc2 dxc4 5. Qxc4 Bf5 6. g3 e6 7. Bg2 Nbd7 8.
Nbd2 Be7 9. O-O O-O 10. Re1 Ne4 11. Qb3 Nb6 12. Nc4 Nxc4 13. Qxc4 Nd6 14. Qb3
Be4 15. Bd2 Nb5 16. e3 Qb6 17. Rec1 Rfc8 18. Ne5 Bxg2 19. Kxg2 Qd8 20. a4 Nd6
21. Bb4 Rab8 22. Rc2 Nf5 23. Bxe7 Nxe7 24. Rac1 Qd5+ 25. Qxd5 Nxd5 26. Kf3 Rd8
27. g4 f6 28. Nd3 Kf7 29. Rc5 Nb6 30. Ke2 Ke7 31. b3 Rd5 32. R5c2 Nd7 33. Nf4
Rd6 34. Nd3 Rd5 35. Nf4 Rd6 36. Nd3 Rd5 1/2-1/2

[Event "GMI ECAM Lyon"]
[Site "?"]
[Date "2023.04.15"]
[Round "8.1"]
[White "Cheng, Bobby"]
[Black "Velten, Paul"]
[Result "1-0"]
[WhiteElo "2547"]
[BlackElo "2488"]
[PlyCount "79"]
[EventDate "2023.04.11"]
[SourceDate "2023.04.11"]
[TimeControl "1/40:0"]

1. d4 d5 2. c4 dxc4 3. e4 b5 4. a4 c6 5. axb5 cxb5 6. Nc3 Qb6 7. b3 e6 8. bxc4
Bb4 9. Bd2 bxc4 10. Bxc4 Ne7 11. Nf3 O-O 12. O-O a5 13. Na4 Qd6 14. g3 Bxd2 15.
Qxd2 Ba6 16. Bxa6 Qxa6 17. Nc5 Qa7 18. Rfb1 Qc7 19. Rb7 Qd8 20. Qg5 Nbc6 21.
Rd7 h6 22. Qd2 Qb6 23. Rb7 Qd8 24. Rc1 Ra7 25. Rxa7 Nxa7 26. Nb7 Qa8 27. Rc7
Rb8 28. Nc5 Nac6 29. d5 exd5 30. exd5 Rd8 31. d6 Nb4 32. Nb7 Ned5 33. Nxd8 Qxd8
34. Rc5 Qxd6 35. Rxa5 Qc6 36. Ne5 Qb7 37. Ra1 Qb8 38. Nc6 Qf8 39. Nxb4 Nxb4 40.
Qd7 1-0

[Event "GMI ECAM Lyon"]
[Site "?"]
[Date "2023.04.15"]
[Round "8.2"]
[White "Barbot, Pierre"]
[Black "Bournel, Antoine"]
[Result "1-0"]
[WhiteElo "2442"]
[BlackElo "2362"]
[PlyCount "148"]
[EventDate "2023.04.11"]
[SourceDate "2023.04.11"]
[TimeControl "1/40:0"]

1. d4 Nf6 2. c4 e6 3. Nf3 d5 4. g3 Bb4+ 5. Bd2 Be7 6. Bg2 O-O 7. O-O c6 8. Qc2
Nbd7 9. Bf4 b6 10. Nbd2 Ba6 11. Qa4 Bxc4 12. Nxc4 b5 13. Qa6 bxc4 14. Qxc6 Qb6
15. Qxb6 axb6 16. Nd2 b5 17. e4 Nb6 18. exd5 Nfxd5 19. Be3 Rfc8 20. Ne4 Ra5 21.
a3 Ra7 22. Rab1 Na4 23. Bd2 Nab6 24. Rfe1 Rd8 25. Nc3 b4 26. Nxd5 Nxd5 27. Bxd5
Rxd5 28. axb4 Rb7 29. b3 cxb3 30. Bc3 Bxb4 31. Rxb3 Bxc3 32. Rxb7 g6 33. Rd1
Bxd4 34. Kg2 h5 35. Rd3 Kg7 36. Rb1 Rd6 37. Rbd1 e5 38. Rb1 Rb6 39. Rxb6 Bxb6
40. Rd6 Ba5 41. f3 Bb4 42. Rb6 Bc3 43. Kf1 Bd4 44. Rc6 Kh6 45. Ke2 Bg1 46. Kf1
Bd4 47. Ra6 Kg5 48. h3 Kh6 49. Rf6 Kg7 50. Rd6 Bc3 51. Ke2 Bb4 52. Rc6 Ba3 53.
Kd3 Bb2 54. Rc7 Kf6 55. Ke4 Ba1 56. Rc6+ Ke7 57. Kd5 Bb2 58. Rc7+ Kf8 59. Kd6
Bd4 60. Rc2 Kg7 61. Ke7 Bb6 62. g4 hxg4 63. hxg4 Be3 64. Rc7 Bf4 65. Ke8 Kf6
66. Rxf7+ Kg5 67. Rg7 Kh4 68. Rb7 Kg3 69. Rb3 e4 70. fxe4+ Kxg4 71. Kf7 Bc7 72.
Kxg6 Bd6 73. Rb6 Be5 74. Rf6 Kh4 1-0

[Event "GMI ECAM Lyon"]
[Site "?"]
[Date "2023.04.15"]
[Round "8.8"]
[White "Milliet, Sophie"]
[Black "Pourramezanali, Amirreza"]
[Result "1/2-1/2"]
[WhiteElo "2391"]
[BlackElo "2501"]
[PlyCount "22"]
[EventDate "2023.04.11"]
[SourceDate "2023.04.11"]

1. d4 d5 2. c4 c6 3. cxd5 cxd5 4. Bf4 Nc6 5. e3 Bf5 6. Nc3 e6 7. Qb3 Bb4 8. Bb5
Bxc3+ 9. Qxc3 Rc8 10. Nf3 Qb6 11. Qc5 f6 1/2-1/2